000 01211nam a2200325Ia 4500
001 ebr10218143
003 CaPaEBR
006 m u
007 cr cn|||||||||
008 010117s2001 cau sb 001 0 eng d
010 _z 2001275187
020 _z9780761964124
020 _z9781847871558 (ebook)
020 _z0761964118
020 _z0761964126 (pbk.)
040 _aCaPaEBR
_cCaPaEBR
035 _a(OCoLC)290532408
050 1 4 _aHV41
_b.P648 2001eb
100 1 _aPowell, Frederick W.
245 1 4 _aThe politics of social work
_h[electronic resource] /
_cFred Powell.
260 _aThousand Oaks, Calif. ;
_aLondon :
_bSAGE,
_c2001.
300 _a186 p.
504 _aIncludes bibliographical references (p. [166]-175) and index.
533 _aElectronic reproduction.
_bPalo Alto, Calif. :
_cebrary,
_d2009.
_nAvailable via World Wide Web.
_nAccess may be limited to ebrary affiliated libraries.
650 0 _aSocial service
_xPolitical aspects.
650 0 _aHuman services.
655 7 _aElectronic books.
_2local
710 2 _aebrary, Inc.
856 4 0 _uhttp://site.ebrary.com/lib/rucke/Doc?id=10218143
_zAn electronic book accessible through the World Wide Web; click to view
999 _c232038
_d232038